| 000 | 00864nam1a22002531i 4500 | ||
|---|---|---|---|
| 001 | v19\rc\1598742 | ||
| 005 | 20240723093606.0 | ||
| 035 | _a(NLR Aleph) 004721583 | ||
| 090 |
_a4340049 _c4340049 |
||
| 100 | _a20061002g18951901|||y0rusy50 ca | ||
| 101 | 0 | _arus | |
| 102 | _aRU | ||
| 105 | _ay i ||||| | ||
| 200 | 1 |
_aСвод статистических сведений о перевозках по Юго-Восточным железным дорогам _eВып. 1- _fО-во Юго-Вост. ж. д. |
|
| 210 |
_aСанкт-Петербург _d1895-1901 |
||
| 215 | _d25 | ||
| 710 | 0 | 2 |
_aЮго-Восточные ж. д. _cдо 1917 г. |
| 801 | 0 |
_aRU _bNLR _gpsbo |
|
| 801 | 0 |
_aRU _bRuMoRGB _2psbo |
|
| 801 | 1 |
_aRU _bProSoft-M _2rusmarc |
|
| 852 |
_aNLR _j18.271.1.37 |
||
| 899 | _aБАН (1894-1899*) | ||
| 899 |
_aRuMoRGB (1894-1899*) _jA 240/199 |
||
| 942 | _cBOOK | ||